[Event "19th Skopje Open"]
[Site "Skopje MKD"]
[Date "2011.10.28"]
[Round "5"]
[White "Milanovic,Ma"]
[Black "Ranic,Viktor"]
[Result "1-0"]
[WhiteElo "1851"]
[BlackElo "2003"]

1.e4 d5 2.exd5 Qxd5 3.Nc3 Qd6 4.d4 Nf6 5.Nf3 a6 6.g3 b5 7.Bg2 Bb7 8.O-O g6
9.Bf4 Qd8 10.Re1 Bg7 11.Qe2 e6 12.Rad1 O-O 13.Ng5 Bxg2 14.Kxg2 Nc6 15.Nxe6 Qd7
16.Nxf8 Bxf8 17.Be5 Nh5 18.Qf3 Rd8 19.Ne4 Be7 20.g4 Ng7 21.Bf6 Ne8 22.Bxe7 Nxe7
23.Nc5  1-0

[Event "33rd Arco Open"]
[Site "Arco ITA"]
[Date "2011.10.29"]
[Round "8"]
[White "Bruno,El"]
[Black "Alagia,Pietro"]
[Result "1-0"]
[WhiteElo "1641"]
[BlackElo "1763"]

1.e4 d5 2.exd5 Qxd5 3.Nc3 Qd8 4.Nf3 g6 5.Bc4 Bg4 6.Bxf7+ Kxf7 7.Ng5+ Kg7
8.Qxg4 Qd7 9.Qxd7 Nxd7 10.Ne6+ Kf7 11.Nxc7 Rc8 12.N7d5 Bg7 13.O-O Ngf6 14.Re1 Rhe8
15.Ne3 Ne5 16.Ne2 Rcd8 17.d4 Neg4 18.Nxg4 Nxg4 19.h3 Nf6 20.c3 Ne4 21.Nf4 Nd6
22.Ne6 Rd7 23.Bf4 Nc4 24.Nc5 Rdd8 25.Re2 b6 26.Ne6 Rd7 27.Rae1 Bh8 28.b3 Nd6
29.c4 Nf5 30.d5 Bc3 31.Rd1 a6 32.Ng5+ Kg7 33.Be5+ Bxe5 34.Rxe5 Kf6 35.Nf3 Rd6
36.Rde1 Kg7 37.g4  1-0

[Event "12th Liberec Open"]
[Site "Liberec CZE"]
[Date "2011.10.29"]
[Round "9"]
[White "Musil,Vi"]
[Black "Kucera,P3"]
[Result "1/2-1/2"]
[WhiteElo "2005"]
[BlackElo "2158"]

1.e4 d5 2.exd5 Qxd5 3.Nc3 Qd6 4.Nf3 Nf6 5.d4 a6 6.Bd3 Bg4 7.h3 Bh5 8.g4 Bg6
9.Ne5 Nc6 10.Bf4 Qxd4 11.Bxg6 Nxe5 12.Qxd4 Nf3+ 13.Kf1 Nxd4 14.Bd3 O-O-O
15.Be5 Nc6 16.Bxf6 gxf6 17.Kg2 Ne5 18.Be4 h5 19.Rad1 Rxd1 20.Rxd1 hxg4 21.hxg4 e6
22.f3 Nc4 23.Re1 Bd6 24.b3 Rh2+ 25.Kg1 Nd2 26.Re2 Nxe4 27.fxe4 Rh4 28.Rg2 Bf4
29.Nd1 Kd7 30.Nb2 Bg5 31.a4 Rh3 32.Kf1 Kd6 33.Nd3 b5 34.axb5 axb5 35.b4 Ke7
36.Re2 Rg3 37.Rg2 Rh3 38.Re2 Rh4 39.Rg2 Kf8 40.Ke2 Rh3 41.Kf1 Kg7 42.Re2 Rg3
43.Rg2 Rh3 44.Re2 Rh4 45.Rg2 Kg6 46.e5 fxe5 47.Nxe5+ Kg7 48.Nf3 Rh1+ 49.Ke2 Bf6
50.Kd3 Rh3 51.Ke4 Bc3 52.Ng5 Rh4 53.Nf3 Rh8 54.Nd4 Rb8 55.Kd3 Bxd4 56.Kxd4 Rb6
57.Kc5  1/2-1/2

[Event "8th Lippe Cup"]
[Site "Lieme GER"]
[Date "2011.10.29"]
[Round "3.19"]
[White "Neukoetter,Mo"]
[Black "Stork,J"]
[Result "1/2-1/2"]
[WhiteElo "1784"]
[BlackElo "1991"]

1.e4 d5 2.exd5 Qxd5 3.Nc3 Qd6 4.d4 Nf6 5.Nf3 a6 6.h3 e6 7.Bc4 b5 8.Bb3 c5
9.dxc5 Qxd1+ 10.Nxd1 Bxc5 11.Be3 Nbd7 12.c3 Bb7 13.Bc2 O-O 14.Bxc5 Nxc5 15.Ne3 Bxf3
16.gxf3 Rfd8 17.Ke2 Nh5 18.Rhd1 Nf4+ 19.Kf1 Nxh3 20.Rxd8+ Rxd8 21.Rd1 Rxd1+
22.Nxd1 f5 23.b4 Nd7 24.Bb3 Nf4 25.Ne3 Kf8 26.c4 Ne5 27.cxb5 axb5 28.Ng2 Nxg2
29.Kxg2 Ke7 30.a4 bxa4 31.Bxa4 Kd6 32.Kg3 Nd3 33.b5 f4+ 34.Kg4 e5 35.Bc2 Nxf2+
36.Kh5 Kc5 37.Bxh7 Kxb5 38.Kg6 Kc5 39.Kxg7 Kd4 40.Kf6 Ng4+ 41.Kg5 Nh2 42.Be4 Ke3
43.Bb7 Nxf3+ 44.Kf5 Kf2 45.Ke4 Kg3 46.Ba8 Kg4 47.Bb7 Ng5+ 48.Kxe5 Nf7+ 49.Kd4 Nd6
50.Ba8 Kg3 51.Kd3 Kf2 52.Kd4 Nb5+ 53.Ke5 Ke3 54.Bh1 Nd4 55.Ba8 Nf3+ 56.Kf5 Nd4+
57.Ke5  1/2-1/2

[Event "MCC Melbourne Cup Weekender"]
[Site "Melbourne AUS"]
[Date "2011.10.29"]
[Round "2.2"]
[White "Solomon,SJ"]
[Black "Pengelley,J"]
[Result "1-0"]
[WhiteElo "2384"]
[BlackElo "2034"]

1.e4 d5 2.exd5 Qxd5 3.Nc3 Qd6 4.d4 Nf6 5.Nf3 a6 6.g3 Nc6 7.Bg2 Bg4 8.O-O e6
9.Bf4 Qd7 10.h3 Bxf3 11.Qxf3 Be7 12.Rad1 Rd8 13.d5 exd5 14.Nxd5 Nxd5 15.Rxd5 Qxd5
16.Qxd5 Rxd5 17.Bxd5 Bd6 18.Bxd6 cxd6 19.Re1+ Kd7 20.Bxf7 Nd4 21.Re4 Nf3+
22.Kg2 Ne5 23.Bd5 b6 24.f4 Ng6 25.Be6+ Kd8 26.Rd4 Ke7 27.Bf5 Rb8 28.Rc4 Nf8
29.Rc7+ Kf6 30.Bc8 a5 31.h4 Ng6 32.Rc6 Ke7 33.h5 Nh8 34.g4 h6 35.Kf3 Nf7
36.Ke4 Kd8 37.Be6 Ke7 38.Kf5 Nd8 39.Rc7+ Kf8 40.Bd5 b5 41.g5 hxg5 42.fxg5 b4
43.h6 gxh6 44.g6  1-0

[Event "19th Skopje Open"]
[Site "Skopje MKD"]
[Date "2011.10.29"]
[Round "6"]
[White "Gjeorgjievski,Done"]
[Black "Ranic,Viktor"]
[Result "0-1"]
[WhiteElo "1815"]
[BlackElo "2003"]

1.e4 d5 2.exd5 Qxd5 3.Nc3 Qd6 4.Bc4 Nf6 5.d4 a6 6.a4 Nc6 7.Be3 Bf5 8.Nf3 Nb4
9.Bb3 e6 10.O-O Be7 11.Ne2 h6 12.Bf4 Qd8 13.Nc1 c5 14.c3 Nc6 15.Ne2 O-O 16.Bc2 Bxc2
17.Qxc2 Rc8 18.Rfd1 cxd4 19.Nexd4 Qb6 20.Rd3 Nd5 21.Qd2 Nxf4 22.Qxf4 Qxb2
23.Rad1 Nxd4 24.Qxd4 Bf6 25.Qb4 Bxc3 26.Qxb2 Bxb2 27.Rb3 Rc1 28.Rxc1 Bxc1
29.Rxb7 Rd8 30.g3 Rd5 31.Rb6 Ra5 32.Rb4 Ba3 33.Rc4 Rc5 34.Rxc5 Bxc5 35.Kf1 f6
36.Ke2 Kf7 37.Nd2 a5 38.Nb3 Bb6 39.Kd3 Bxf2 40.Nxa5 Ke7 41.Nc4 Kd7 42.Nd2 Kc6
43.Kc4 h5 44.Ne4 Bg1 45.h3 Bb6 46.g4 hxg4 47.hxg4 Bd8 48.Nc5 Kd6 49.a5 Bxa5
50.Nb7+ Ke5 51.Nxa5 Kf4 52.Kd3 Kxg4 53.Ke4 Kh3 54.Nc4 g5 55.Ne3 Kg3 56.Nf1+ Kf2
57.Ne3 Ke2 58.Ng2 f5+ 59.Ke5 Kf2  0-1

[Event "33rd Arco Open"]
[Site "Arco ITA"]
[Date "2011.10.30"]
[Round "9"]
[White "Valsecchi,A"]
[Black "Kasparov,S"]
[Result "1/2-1/2"]
[WhiteElo "2338"]
[BlackElo "2521"]

1.e4 d5 2.exd5 Qxd5 3.Nc3 Qd6 4.d4 Nf6 5.Nf3 c6 6.g3 Bg4 7.Bg2 e6 8.O-O Be7
9.Bf4 Qd8 10.h3 Bh5 11.Re1 Nbd7 12.g4 Bg6 13.Ne5 Nxe5  1/2-1/2

[Event "33rd Arco Open"]
[Site "Arco ITA"]
[Date "2011.10.30"]
[Round "9"]
[White "Burani,E"]
[Black "Iacchetti,G"]
[Result "1-0"]
[WhiteElo "1932"]
[BlackElo "1814"]

1.e4 d5 2.exd5 Qxd5 3.Nc3 Qd6 4.d4 Nf6 5.Nf3 a6 6.Bc4 b5 7.Bd3 e6 8.O-O Bb7
9.Re1 Be7 10.g3 O-O 11.Bf4 Qc6 12.d5 Qb6 13.Be3 Bc5 14.Bxc5 Qxc5 15.dxe6 fxe6
16.Ne4 Qb6 17.Qe2 Nbd7 18.h3 Rae8 19.Rad1 Nh5 20.Nfg5 g6 21.Rd2 h6 22.Nf3 Kg7
23.Qe3 Qa5 24.Nh4 Ne5 25.Qd4 Rf5 26.g4 Nf4 27.gxf5 exf5 28.Qe3 Nxh3+ 29.Qxh3 Ng4
30.Rde2 Qb6 31.Qg3 Qc6 32.f3 fxe4 33.Bxe4 Qb6+ 34.Kg2 Bxe4 35.Rxe4 Rxe4 36.Rxe4  1-0

[Event "TCh-HUN 2011-12"]
[Site "Budapest HUN"]
[Date "2011.10.30"]
[Round "2"]
[White "Meszaros,T"]
[Black "Bodiroga,P"]
[Result "1/2-1/2"]
[WhiteElo "2460"]
[BlackElo "2414"]

1.e4 d5 2.exd5 Qxd5 3.Nc3 Qd8 4.d4 Nf6 5.Nf3 c6 6.Bc4 Bf5 7.O-O e6 8.Qe2 Be7
9.h3 O-O 10.Rd1 Nbd7 11.Nh4 Bg6 12.Nxg6 hxg6 13.Ne4 Nxe4 14.Qxe4 Bg5 15.Rd3 Nb6
16.Bb3 a5 17.a4 Nd5 18.Bxg5 Qxg5 19.h4 Qf5 20.Bxd5 Qxd5 21.Qxd5 cxd5 22.Rb3 Rfc8
23.c3 Ra7 24.Rb5 Rc6 25.Ra3 b6 26.Rab3 Ra6 27.Kf1 Kf8 28.Ke2 Ke7 29.Kd3  1/2-1/2

[Event "Frauenbundesliga 2011-12"]
[Site "Germany GER"]
[Date "2011.10.30"]
[Round "2.3"]
[White "Daulyte, Deimante"]
[Black "Lauterbach, Ingrid"]
[Result "1-0"]
[WhiteElo "2238"]
[BlackElo "2063"]

1.e4 d5 2.exd5 Qxd5 3.Nc3 Qd8 4.d4 Nf6 5.h3 Bf5 6.Nf3 e6 7.Bb5+ c6 8.Be2 h6
9.Bf4 Bb4 10.O-O O-O 11.Bd3 Bxd3 12.Qxd3 Nbd7 13.Ne2 Nd5 14.Bg3 Be7 15.c4 Nb4
16.Qb3 b6 17.a3 Na6 18.Qa4 Qc8 19.b4 Nf6 20.Rac1 Ne4 21.Be5 Nd6 22.Bxd6 Bxd6
23.Qc2 Nb8 24.c5 Bc7 25.a4 Qb7 26.cxb6 Bxb6 27.Ne5 Rc8 28.Qe4 Bc7 29.b5 Bxe5
30.dxe5 a6 31.Nd4 axb5 32.axb5 Ra4 33.Rfd1 Qxb5 34.Nxb5 Rxe4 35.Nd6  1-0

[Event "19th Skopje Open"]
[Site "Skopje MKD"]
[Date "2011.10.30"]
[Round "7"]
[White "Milanovic,Ma"]
[Black "Koskoska,G"]
[Result "1/2-1/2"]
[WhiteElo "1851"]
[BlackElo "2117"]

1.e4 d5 2.exd5 Qxd5 3.Nc3 Qd8 4.d4 c6 5.Bc4 Bf5 6.Nf3 e6 7.O-O Be7 8.Re1 Nd7
9.h3 Ngf6 10.Bf4 O-O 11.Nh4 Bg6 12.Nxg6 hxg6 13.Bb3 Nd5 14.Nxd5 cxd5 15.Qe2 Nb6
16.c3 Bd6 17.Be5 Rc8  1/2-1/2

[Event "Venetian Autumn Masters 2011"]
[Site "Venice ITA"]
[Date "2011.10.31"]
[Round "2.7"]
[White "Guerra,A"]
[Black "Mrdja,M"]
[Result "1-0"]
[WhiteElo "2204"]
[BlackElo "2402"]

1.e4 d5 2.exd5 Qxd5 3.Nc3 Qd6 4.d4 Nf6 5.Nge2 Bf5 6.Bf4 Qb6 7.Na4 Qa5+ 8.c3 c6
9.Nc5 Bc8 10.Ng3 Nbd7 11.Nb3 Qd8 12.Bd3 g6 13.Qe2 Bg7 14.O-O-O O-O 15.h4 Nd5
16.Bd2 e5 17.h5 exd4 18.cxd4 Re8 19.Qf3 N7f6 20.Rh4 a5 21.hxg6 hxg6 22.a3 b6
23.Rdh1 Qd6 24.Ne4 Nxe4 25.Bxe4 a4 26.Na1 Rxe4 27.Qxe4 Bf5 28.Qf3 Rc8 29.g4 Bd7
30.Nc2 f5 31.g5 c5 32.Rh7 f4 33.R1h4 cxd4 34.Qh1 Qc6 35.Rxg7+ Kxg7 36.Rh7+ Kf8
37.Qh6+ Ke8 38.Rh8+ Ke7 39.Qg7+ Kd6 40.Qxg6+ Ke5 41.Qg7+ Kf5 42.Qf7+ Ke5
43.Rxc8 Qxc8 44.Qg7+ Kf5 45.Kd1 d3 46.Nd4+ Kg4 47.Qf7 Bc6 48.g6 Qd7 49.f3+ Kg3
50.Bxf4+  1-0

[Event "19th Skopje Open"]
[Site "Skopje MKD"]
[Date "2011.11.01"]
[Round "9"]
[White "Ilic,Ljubo"]
[Black "Gjeorgjievski,Done"]
[Result "1-0"]
[WhiteElo "2203"]
[BlackElo "1815"]

1.e4 d5 2.exd5 Qxd5 3.Nc3 Qd8 4.g3 Nf6 5.Bg2 c6 6.Nf3 Bg4 7.h3 Bxf3 8.Qxf3 e6
9.b3 Be7 10.Bb2 Nbd7 11.O-O-O O-O 12.g4 Nb6 13.h4 Nfd5 14.g5 a5 15.a4 Qc7
16.Rdg1 Qf4 17.Qe2 Nxc3 18.Bxc3 Nd5 19.Bxd5 cxd5 20.Rg4 Ba3+ 21.Kb1 Qc7 22.h5 Qc6
23.Qe5 d4 24.Bxd4 Qxh1+ 25.Ka2 f6 26.Qxe6+ Rf7 27.g6 Qxh5 28.Qxf7+ Kh8 29.Bxf6 Bf8
30.Rh4  1-0

[Event "19th Skopje Open"]
[Site "Skopje MKD"]
[Date "2011.11.01"]
[Round "9"]
[White "Lazov,Toni"]
[Black "Ranic,Viktor"]
[Result "1/2-1/2"]
[WhiteElo "1739"]
[BlackElo "2003"]

1.e4 d5 2.exd5 Qxd5 3.Nc3 Qd6 4.d4 Nf6 5.Nf3 a6 6.g3 g6 7.Bf4 Qd8 8.Bg2 Bg7
9.Qd2 Nc6 10.O-O-O Nd5 11.Ne5 Ncb4 12.a3 Nxc3 13.bxc3 Nd5 14.Bxd5 Qxd5 15.c4 Qd6
16.Qb4 Qxb4 17.axb4 Be6 18.d5 Bc8 19.Nd3 Bf5 20.Bxc7 Rc8 21.d6 O-O 22.c5 exd6
23.cxd6 Bf6 24.f3 Bd8 25.Bxd8 Rfxd8 26.g4 Bd7 27.Nc5 Bc6 28.Rhf1 b6 29.Nb3 Ba4
30.Kb2 Rc6 31.d7 Rf6 32.Nd2 Rxd7 33.Ne4 Rxf3 34.Rxd7 Rxf1 35.Rd8+ Kg7 36.g5 h6
37.h4 hxg5 38.hxg5 Rf5 39.Rb8 Bc6 40.Nd6 Rxg5 41.Rxb6 Bh1 42.Rxa6 f5 43.b5 f4
44.b6 Re5 45.Ra7+ Kf6 46.b7 Bxb7 47.Rxb7 g5 48.Kc3 f3 49.Kd4 f2 50.Rf7+ Ke6
51.Rxf2 Kxd6 52.c4 Re6 53.c5+ Kc6 54.Rb2 g4 55.Rb6+ Kd7 56.Rb7+ Kc6 57.Rg7 Rh6
58.Rxg4 Rf6 59.Re4 Rh6 60.Kc4 Rg6 61.Rd4 Rh6 62.Kb4 Rg6 63.Kc4  1/2-1/2

[Event "1st Panama Open"]
[Site "Panama City PAN"]
[Date "2011.11.03"]
[Round "2.1"]
[White "Barros,R2"]
[Black "Tiviakov,S"]
[Result "0-1"]
[WhiteElo "2263"]
[BlackElo "2650"]

1.e4 d5 2.exd5 Qxd5 3.Nc3 Qd6 4.d4 Nf6 5.Nf3 g6 6.Be2 Bg7 7.O-O O-O 8.Ne5 c6
9.f4 Rd8 10.Be3 Be6 11.a3 Nbd7 12.Bd3 Qc7 13.h3 c5 14.Nxd7 Qxd7 15.dxc5 Nd5
16.Nxd5 Qxd5 17.Rb1 Bd4 18.Qe2 Qxc5 19.Bxd4 Rxd4 20.Kh1 Rad8 21.Rbd1 Qd6
22.Qe3 Qb6 23.Rb1 R8d7 24.Qg3 Ba2 25.Rbe1 Qxb2 26.f5 Qb6 27.fxg6 hxg6 28.Qg5 Qd6
29.Re3 Kg7 30.Rfe1 Qf6 31.Qg3 Bc4 32.Rf3 Qh4 33.Qe5+ f6 34.Qe2 Bf7 35.Re3 e5
36.c3 Rxd3  0-1

[Event "1st Panama Open"]
[Site "Panama City PAN"]
[Date "2011.11.04"]
[Round "4.4"]
[White "Ruiz Sanchez,O"]
[Black "Tiviakov,S"]
[Result "0-1"]
[WhiteElo "2411"]
[BlackElo "2650"]

1.e4 d5 2.exd5 Qxd5 3.Nc3 Qd6 4.d4 Nf6 5.Nf3 g6 6.Nb5 Qd8 7.c4 Bg7 8.h3 O-O
9.Bd3 c5 10.dxc5 Na6 11.O-O Nxc5 12.Bc2 Bd7 13.Nc3 Qc7 14.Bg5 Bc6 15.Qe2 Ne6
16.Be3 Nh5 17.Nd5 Nef4 18.Qd2 Bxd5 19.cxd5 Bxb2 20.Bb3 Bxa1 21.Rxa1 Qc3 22.Re1 Qxd2
23.Bxd2 Nd3 24.Rxe7 Nc5 25.Bc4 Nf6 26.Bh6 Rfe8 27.Rxf7 Kxf7 28.d6+ Nd5 29.Bxd5+ Kf6
30.Bc1 Re2 31.Ba3 Rc8 32.Kf1 Rc2 33.g4 Nd3 34.g5+ Kf5 35.Nd4+ Ke5 36.Nxc2 Kxd5
37.Ne3+ Ke6 38.Ke2 Rc3 39.d7 Kxd7 40.Bf8 Nf4+  0-1

[Event "15th OIBM"]
[Site "Bad Wiessee GER"]
[Date "2011.11.05"]
[Round "8.31"]
[White "Xiong,F"]
[Black "Welling,G"]
[Result "1/2-1/2"]
[WhiteElo "1903"]
[BlackElo "2322"]

1.e4 d5 2.exd5 Qxd5 3.Nc3 Qd6 4.Nf3 Nf6 5.d4 a6 6.Bc4 b5 7.Bb3 Bb7 8.O-O c5
9.dxc5 Qxd1 10.Rxd1 e6 11.Be3 Nbd7 12.c6 Bxc6 13.Nd4 Bb7 14.a4 b4 15.Nce2 Nc5
16.Bc4 Be7 17.c3 Nce4 18.f3 Nd6 19.Ba2 Nd5 20.Bd2 bxc3 21.bxc3 Rc8 22.Rab1 Ba8
23.c4 Nf6 24.c5 Nb7 25.c6 Nd6 26.Nxe6 fxe6 27.Bxe6 Bxc6 28.Bxc8 Nxc8 29.Rb8 O-O
30.Rc1 Bd6 31.Bb4 Bxa4 32.Rcxc8 Bxb4 33.Rxb4  1/2-1/2

[Event "1st Panama Open"]
[Site "Panama City PAN"]
[Date "2011.11.05"]
[Round "6.2"]
[White "Zapata,Alo"]
[Black "Tiviakov,S"]
[Result "0-1"]
[WhiteElo "2483"]
[BlackElo "2650"]

1.e4 d5 2.exd5 Qxd5 3.Nc3 Qd6 4.d4 Nf6 5.Nf3 g6 6.g3 Bg7 7.Bg2 c6 8.O-O O-O
9.Bf4 Qd8 10.Re1 Bf5 11.Qe2 Re8 12.Qc4 Nbd7 13.h3 Nb6 14.Qb3 Nfd5 15.Nxd5 Nxd5
16.c3 e5 17.Bd2 Bd7 18.Qc2 f6 19.b3 Be6 20.Re3 Bf7 21.Rae1 Qe7  0-1

[Event "15th OIBM"]
[Site "Bad Wiessee GER"]
[Date "2011.11.06"]
[Round "9.16"]
[White "Krivoborodov,E"]
[Black "Stockmann,M"]
[Result "1-0"]
[WhiteElo "2505"]
[BlackElo "2284"]

1.e4 d5 2.exd5 Qxd5 3.Nc3 Qd6 4.d4 c6 5.Nf3 Bg4 6.h3 Bxf3 7.Qxf3 Qxd4 8.Be3 Qd8
9.Rd1 Nd7 10.Bc4 Ngf6 11.O-O e6 12.Rfe1 Be7 13.Qg3 Qa5 14.Bd2 Qc5 15.Bf1 O-O
16.Bh6 Nh5 17.Qc7 gxh6 18.Rxd7 Bh4 19.Ne4 Qxc2 20.Qe5 Ng7 21.Bd3 Qa4 22.Nc3 Bxf2+
23.Kxf2 Qh4+ 24.g3 Qxh3 25.Bf1 Qf5+ 26.Qxf5 Nxf5 27.Rxb7 Rfb8 28.Rxb8+ Rxb8
29.b3 Kg7 30.Rd1 Rb7 31.Bg2 Rc7 32.Ne4 Ne7 33.Rd8 c5 34.Nd6 Kg6 35.Nb5  1-0

[Event "FSIM November"]
[Site "Budapest HUN"]
[Date "2011.11.09"]
[Round "5"]
[White "Szalanczy,E"]
[Black "Szeberenyi,A"]
[Result "1-0"]
[WhiteElo "2281"]
[BlackElo "2324"]

1.e4 d5 2.exd5 Qxd5 3.Nc3 Qd6 4.d4 Nf6 5.Nf3 a6 6.g3 Bg4 7.Bg2 Nc6 8.O-O O-O-O
9.h3 Bxf3 10.Qxf3 Qxd4 11.Rd1 Qc4 12.Rxd8+ Nxd8 13.b3 Qc6 14.Qd3 Qd7 15.Qe2 e6
16.Be3 Bd6 17.Rd1 Qe7 18.Qc4 e5 19.a4 Qe6 20.Qe2 Re8 21.a5 e4 22.Bd4 Bb4
23.Bxf6 gxf6 24.Nd5 Bxa5 25.Qh5 Nc6 26.Qxh7 f5 27.Qh4 Ne5 28.Nf4 Qe7 29.Qh5 Qf6
30.Nd5 Qe6 31.Ne3 Bb6 32.Qxf5 Nf3+ 33.Bxf3 Qxf5 34.Nxf5 exf3 35.Rd3 Re1+
36.Kh2 Re2 37.Rxf3 Bxf2 38.h4 Bd4+ 39.Kh3 Bh8 40.h5 Kd7 41.Nh6 f6 42.Nf5 Re1
43.g4  1-0

[Event "5th Mediterranean Open"]
[Site "Rijeka CRO"]
[Date "2011.11.11"]
[Round "1.4"]
[White "Nevednichy,V"]
[Black "Rimanic,L"]
[Result "1-0"]
[WhiteElo "2543"]
[BlackElo "1997"]

1.e4 d5 2.exd5 Qxd5 3.Nc3 Qd6 4.d4 c6 5.Ne4 Qd8 6.Bc4 Nf6 7.Ng5 e6 8.Ne2 Be7
9.O-O O-O 10.Qd3 h6 11.Nf3 Nbd7 12.a4 c5 13.a5 cxd4 14.Nexd4 e5 15.Nf5 e4
16.Qe2 Bb4 17.N3d4 Ne5 18.Bb3 Bxf5 19.Nxf5 Qd7 20.Ng3 Qg4 21.Qxg4 Nexg4 22.Ra4 Bd6
23.h3 Bxg3 24.fxg3 Ne5 25.Bxh6 gxh6 26.Rxf6 Nd7 27.Rf5 Rae8 28.Rd4 e3 29.Kf1 Re7
30.Ba4 Nb8 31.Ke2 Rc8 32.Rd3 Nc6 33.c3 Re5 34.Rxe5 Nxe5 35.Rxe3 Nc4 36.Re7 Nxa5
37.b4 Nc6 38.Rxb7 Ne5 39.Re7 Nc4 40.Rxa7 Nd6 41.Kd3 Kg7 42.Rd7 Nc4 43.Ra7  1-0

[Event "2nd Brno Open"]
[Site "Brno CZE"]
[Date "2011.11.12"]
[Round "1"]
[White "Kozusek,Daniel"]
[Black "Jares,J"]
[Result "1-0"]
[WhiteElo "1808"]
[BlackElo "2058"]

1.e4 d5 2.exd5 Qxd5 3.Nc3 Qd6 4.Nf3 Nf6 5.d4 Bg4 6.Be2 e6 7.O-O a6 8.Bg5 Nbd7
9.Re1 Be7 10.Ne5 Bxe2 11.Qxe2 O-O 12.Ne4 Qxd4 13.Nxd7 Qxd7 14.Nxf6+ Bxf6
15.Bxf6 gxf6 16.Qe4 Qc6 17.Qh4 Kg7 18.Re3 Rg8 19.Rc3 Qd5 20.Rg3+ Kf8 21.Qxf6 Rxg3
22.fxg3 Rd8 23.c3 Qd3 24.Rf1 Qe3+ 25.Kh1 Rd7 26.Qh8+ Ke7 27.Qxh7 Kd6 28.Qh4 c6
29.Rd1+  1-0

[Event "TCh-HUN 2011-12"]
[Site "Budapest HUN"]
[Date "2011.11.13"]
[Round "3"]
[White "Feher,Ad"]
[Black "Csom,I"]
[Result "1/2-1/2"]
[WhiteElo "2342"]
[BlackElo "2426"]

1.e4 d5 2.exd5 Qxd5 3.Nc3 Qd6 4.d4 c6 5.Nf3 g6 6.Be3 Nf6 7.Qd2 Nbd7 8.Be2 Nb6
9.Bf4 Qd8 10.O-O Bg7 11.Rfe1 O-O 12.h3 Bf5 13.Bf1 Re8 14.Rad1 Nbd5 15.Be5 Nxc3
16.Qxc3 Qb6 17.b3 Bh6 18.g4 Nd5 19.Qb2 Bd7 20.c4 Nb4 21.a3 Na6 22.b4 Qd8
23.Bg2  1/2-1/2

[Event "TCh-CZE Liga1 Vychod"]
[Site "Czech Rep CZE"]
[Date "2011.11.13"]
[Round "3"]
[White "Senkyr,M"]
[Black "Kanok,J"]
[Result "0-1"]
[WhiteElo "2202"]
[BlackElo "2192"]

1.e4 d5 2.exd5 Qxd5 3.Nc3 Qd6 4.d4 Nf6 5.Nf3 a6 6.g3 Bg4 7.Bg2 Nc6 8.Ne2 O-O-O
9.c3 e5 10.Qb3 Be6 11.Qc2 exd4 12.Nfxd4 Nxd4 13.Nxd4 Bd5 14.Qf5+ Kb8 15.O-O Bxg2
16.Kxg2 Qd5+ 17.Qf3 Bc5 18.Be3 Ng4 19.Qxd5 Rxd5 20.h3 Nxe3+ 21.fxe3 Rd7 22.Rf5 Bd6
23.Rd1 Kc8 24.Rd5 g6 25.Kf2 Bxg3+ 26.Kxg3 Rxd5 27.Rf1 c5 28.Nb3 f5 29.Kf4 Re8
30.Re1 b6 31.Re2 h6 32.Nd2 g5+ 33.Kf3 Kc7 34.Nf1 Rd3 35.Ng3 Re5  0-1

[Event "FSIM November"]
[Site "Budapest HUN"]
[Date "2011.11.16"]
[Round "12"]
[White "Meurs,T"]
[Black "Szeberenyi,A"]
[Result "1/2-1/2"]
[WhiteElo "2247"]
[BlackElo "2324"]

1.e4 d5 2.exd5 Qxd5 3.Nc3 Qd6 4.d4 Nf6 5.Nf3 a6 6.g3 Bg4 7.Bg2 Nc6 8.Be3 O-O-O
9.h3 Bh5 10.Qe2 e6 11.a3 Nd5 12.Ne4 Qd7 13.g4 Nxe3 14.Qxe3 Bg6 15.O-O-O Qd5
16.Nc3 Qa5 17.Nh4 Qb6 18.Nxg6 hxg6 19.Bxc6 Qxc6 20.Ne4 Be7 21.f4  1/2-1/2

[Event "FSGM November"]
[Site "Budapest HUN"]
[Date "2011.11.16"]
[Round "12"]
[White "Ilincic,Z"]
[Black "Czebe,A"]
[Result "1/2-1/2"]
[WhiteElo "2447"]
[BlackElo "2503"]

1.e4 d5 2.exd5 Qxd5 3.Nc3 Qd6 4.d4 Nf6 5.Nf3 g6 6.h3 Bg7 7.Be3 O-O 8.Bc4 c6
9.Bb3 Nbd7 10.Qe2 Nb6 11.O-O Be6 12.Bxe6 Qxe6 13.Rfe1 Rad8 14.Rad1 Qc8 15.a4 Nfd5  1/2-1/2

[Event "WYCC U16 Open"]
[Site "Caldas Novas BRA"]
[Date "2011.11.18"]
[Round "1"]
[White "Beroiz,Julian"]
[Black "Pineiro,Dar"]
[Result "0-1"]
[WhiteElo "1700"]
[BlackElo "2198"]

1.e4 d5 2.exd5 Qxd5 3.Nc3 Qd6 4.d4 Nf6 5.Nf3 a6 6.g3 Bg4 7.Bg2 Nc6 8.O-O e6
9.Re1 O-O-O 10.d5 Nxd5 11.Nxd5 exd5 12.h3 Bh5 13.Bf4 Qb4 14.a3 Qxb2 15.Rb1 Qxa3
16.Re3 Qc5 17.Qd2 Bd6 18.Bxd6 Rxd6 19.Rc3 Qa7 20.Qf4 Bg6 21.Ne5 Qd4 22.Qg4+ Qxg4
23.Nxg4 h5 24.Nh2 Nd4 25.Kf1 Nb5 26.Rc5 b6 27.Rxd5 Rxd5 28.Bxd5 Nc3  0-1

[Event "WYCC U16 Girls"]
[Site "Caldas Novas BRA"]
[Date "2011.11.18"]
[Round "1"]
[White "Tantsiura,M"]
[Black "Prado,A"]
[Result "1-0"]
[WhiteElo "2167"]
[BlackElo "1811"]

1.e4 d5 2.exd5 Qxd5 3.Nc3 Qd6 4.d4 Nf6 5.Bd3 a6 6.Nge2 Bg4 7.f3 Bh5 8.Bf4 Qd7
9.Qd2 e6 10.O-O-O Nc6 11.Be5 O-O-O 12.Qg5 Bg6 13.Bxg6 hxg6 14.Bxf6 gxf6 15.Qxf6 Be7
16.Qf4 Rh4 17.Qe3 Nxd4 18.g3 Bc5 19.Kb1 Rh5 20.Nf4 Rhh8 21.Ne4 Nf5 22.Rxd7 Bxe3
23.Rxd8+ Rxd8 24.Nd3 Bd4 25.h4 Ng7 26.g4 Rh8 27.c3 Be3 28.Ne5 Rf8 29.Kc2 Bf4
30.Nd3 Bd6 31.Ng5 Be7 32.Ne5 Bxg5 33.hxg5 Ne8 34.b4 Nd6 35.c4 Rd8 36.c5 Nb5
37.Rd1 Re8 38.Kb3 f6 39.Nxg6 Rg8 40.Nf4 e5 41.Nh5 Nd4+ 42.Rxd4 exd4 43.Nxf6 Rg7
44.Ng8 Rxg8  1-0

[Event "5th Mediterranean Open"]
[Site "Rijeka CRO"]
[Date "2011.11.19"]
[Round "9.21"]
[White "Muskardin,M"]
[Black "Rimanic,L"]
[Result "1-0"]
[WhiteElo "2186"]
[BlackElo "1997"]

1.e4 d5 2.exd5 Qxd5 3.Nc3 Qd6 4.d4 Nf6 5.Nf3 c6 6.h3 Bf5 7.Bd3 Bxd3 8.Qxd3 e6
9.Ne5 Qc7 10.Bd2 Bd6 11.f4 Nbd7 12.O-O-O Nb6 13.Ne4 Nxe4 14.Qxe4 O-O-O 15.Ba5 f6
16.Nd3 Rhe8 17.c4 c5 18.b4 cxd4 19.c5 e5 20.Kb1 exf4 21.Qf5+ Qd7 22.Qxd7+ Rxd7
23.Bxb6 axb6 24.cxd6 g5 25.Nb2 Rxd6 26.Nc4 Rde6 27.Rxd4 Re1+ 28.Rxe1 Rxe1+
29.Kc2 Re2+ 30.Rd2 Re6 31.b5 h5 32.Kd1 f5 33.Rd5 Rf6 34.Rxf5 Rg6 35.Rf8+ Kc7
36.Rf7+ Kc8 37.Ke2 Re6+ 38.Kd2 Rg6 39.Ke2 Re6+ 40.Kf2 Rg6 41.Rh7 g4 42.Rxh5  1-0

[Event "Malta Open"]
[Site "Bugibba MLT"]
[Date "2011.11.21"]
[Round "2.3"]
[White "Teske,H"]
[Black "Schartz,A"]
[Result "1-0"]
[WhiteElo "2538"]
[BlackElo "2160"]

1.e4 d5 2.exd5 Qxd5 3.Nc3 Qd6 4.d4 Nf6 5.Nb5 Qd8 6.Bf4 Nd5 7.Bg3 c6 8.Na3 Bf5
9.Nf3 e6 10.Nc4 Be7 11.Be2 O-O 12.O-O Na6 13.c3 Bg6 14.Nfe5 Bh4 15.Bxh4 Qxh4
16.Qb3 Nf4 17.Bf3 Qe7 18.Na5 Rab8 19.Rfe1 Qc7 20.Qa3 Nd3 21.Nxd3 Bxd3 22.b4 Qb6
23.Rad1 Bg6 24.Nc4 Qc7 25.Ne5 Qc8 26.Rd2 Ra8 27.Qb3 Nc7 28.a4 a6 29.h4 f6
30.h5 Be8 31.Nd3 Bf7 32.Qc2 a5 33.Nc5 axb4 34.cxb4 Nd5 35.h6 gxh6 36.Rde2 Nf4
37.Re3 Nd5 38.Bxd5 cxd5 39.Qd2 Re8 40.Rg3+ Bg6 41.Qxh6 Qc7 42.Rxe6 Rxe6 43.Nxe6 Qf7
44.Nf4 Qg7 45.Qxg7+ Kxg7 46.a5 Kf7 47.Rc3  1-0

[Event "Femida Cup Women"]
[Site "Kharkiv UKR"]
[Date "2011.11.22"]
[Round "3"]
[White "Tarleva,V"]
[Black "Romanova,I"]
[Result "1/2-1/2"]
[WhiteElo "2153"]
[BlackElo "2287"]

1.e4 d5 2.exd5 Qxd5 3.Nc3 Qd6 4.d4 Nf6 5.Nf3 Bg4 6.h3 Bh5 7.g4 Bg6 8.Ne5 Nd5
9.Bg2 c6 10.Ne4 Bxe4 11.Bxe4 Nd7 12.f4 g6 13.c3 Bg7 14.Qe2 a6 15.Bd2 Rc8
16.Nc4 Qc7 17.Ne5 N7f6 18.Bf3 Nd7 19.c4 N5f6 20.g5 Nxe5 21.dxe5 Nd7 22.h4 Nc5
23.Qe3 b6 24.Bb4 Nd7 25.Bc3 Nc5 26.Bd4 e6 27.Bxc5 bxc5 28.O-O Qb6 29.Rfd1 O-O
30.Rd2 Rfd8 31.Rad1 Bf8 32.Rxd8 Rxd8 33.Rxd8 Qxd8 34.Kf2 Qb6  1/2-1/2

[Event "21st World Seniors Women"]
[Site "Rijeka CRO"]
[Date "2011.11.22"]
[Round "7.4"]
[White "Miednikova,S"]
[Black "Kozlovskaya,V"]
[Result "1/2-1/2"]
[WhiteElo "2165"]
[BlackElo "2281"]

1.e4 d5 2.exd5 Qxd5 3.Nc3 Qd8 4.d4 g6 5.Nf3 Bg7 6.Bc4 Nf6 7.O-O O-O 8.Be3 c6
9.a4 a5 10.Qd2 Na6 11.Bh6 Nb4 12.Bxg7 Kxg7 13.Rfe1 Bf5 14.Bb3 Qd6 15.Nh4 Bd7
16.Ne4 Nxe4 17.Rxe4 Rae8 18.f4 Nd5 19.Rae1 b6 20.Re5 f6 21.R5e4 e6 22.Nf3 Nc7
23.c4 Qb4 24.Qxb4 axb4 25.Ra1 c5 26.dxc5 bxc5 27.Re3 Bc6 28.Ne1 Kf7 29.Nd3 Na6
30.Bd1 Re7 31.b3 Rd8 32.Bf3 Bxf3 33.Rxf3 Red7 34.Nf2 Rd2 35.Re1 Rb2 36.Rd1 Rxd1+
37.Nxd1 Rb1 38.Rd3 Nb8 39.Kf2 Ke7 40.Ne3 Nc6 41.Nf1 Nd4 42.Nd2 Rb2 43.Ke1 Ra2
44.g4 e5 45.fxe5 fxe5 46.Rh3 e4 47.Rxh7+ Kf8 48.Rh8+ Kg7 49.Re8 e3 50.Rxe3 Nc2+
51.Ke2 Nxe3 52.Kxe3 Rb2 53.h4 Kf7 54.h5 gxh5 55.gxh5 Kg7 56.a5 Ra2 57.Ne4 Rxa5
58.Kf4 Kf7 59.Ke5 Ra6 60.Nxc5 Rh6 61.Nd3 Rxh5+ 62.Kd4 Rh3 63.c5 Rh4+ 64.Kd5 Ke7
65.c6 Kd8 66.Kc5 Rh3 67.Nxb4 Rxb3 68.Nd5 Rb1 69.Kd6 Rd1 70.Kc5 Rc1+ 71.Kd6  1/2-1/2

[Event "21st World Seniors"]
[Site "Rijeka CRO"]
[Date "2011.11.23"]
[Round "8.34"]
[White "Simon Padros,E"]
[Black "Weisenburger,H"]
[Result "1/2-1/2"]
[WhiteElo "2258"]
[BlackElo "2151"]

1.e4 d5 2.exd5 Qxd5 3.Nc3 Qd6 4.d4 Nf6 5.Nf3 a6 6.Bd3 Bg4 7.Ne4 Nxe4 8.Bxe4 Nd7
9.c3 Qb6 10.O-O O-O-O 11.Qc2 e6 12.Nd2 c5 13.Nc4 Qc7 14.Qb3 Be2 15.Bf4 Bxc4
16.Bxc7 Bxb3 17.Bxd8 Bc4 18.Bg5 Bxf1  1/2-1/2